000 00355nam a2200133Ia 4500
008 100328s9999 xx 000 0 und d
082 _b35049
100 _aवनारसे वि.ब.
245 _aकामिनी
260 _bललितसाहित्य
630 _aकामिनी
730 _aकामिनी
942 _cBOOK
999 _c525051
_d525048